<?xml version="1.0" encoding="UTF-8"?><?xml-stylesheet type="text/xsl" href="static/style.xsl"?><OAI-PMH xmlns="http://www.openarchives.org/OAI/2.0/" xmlns:xsi="http://www.w3.org/2001/XMLSchema-instance" xsi:schemaLocation="http://www.openarchives.org/OAI/2.0/ http://www.openarchives.org/OAI/2.0/OAI-PMH.xsd"><responseDate>2026-06-01T20:03:10Z</responseDate><request verb="GetRecord" identifier="oai:riuma.uma.es:10630/24156" metadataPrefix="marc">https://riuma.uma.es/rest/oai/request</request><GetRecord><record><header><identifier>oai:riuma.uma.es:10630/24156</identifier><datestamp>2026-02-03T12:00:41Z</datestamp><setSpec>com_10630_2254</setSpec><setSpec>col_10630_37959</setSpec></header><metadata><record xmlns="http://www.loc.gov/MARC21/slim" xmlns:dcterms="http://purl.org/dc/terms/" xmlns:doc="http://www.lyncode.com/xoai" xmlns:xsi="http://www.w3.org/2001/XMLSchema-instance" xsi:schemaLocation="http://www.loc.gov/MARC21/slim http://www.loc.gov/standards/marcxml/schema/MARC21slim.xsd">
   <leader>00925njm 22002777a 4500</leader>
   <datafield ind2=" " ind1=" " tag="042">
      <subfield code="a">dc</subfield>
   </datafield>
   <datafield ind2=" " ind1=" " tag="720">
      <subfield code="a">García-Granja, M. J.</subfield>
      <subfield code="e">author</subfield>
   </datafield>
   <datafield ind2=" " ind1=" " tag="720">
      <subfield code="a">Miranda-Miranda, P.</subfield>
      <subfield code="e">author</subfield>
   </datafield>
   <datafield ind2=" " ind1=" " tag="260">
      <subfield code="c">2017-11-22</subfield>
   </datafield>
   <datafield ind2=" " ind1=" " tag="520">
      <subfield code="a">El Taller práctico de soluciones de escaneado láser para modelado BIM se encuadró en el marco de las conferencias científicas organizadas por la Escuela de Arquitectura de Málaga, en noviembre de 2017, sobre nuevas tecnologías aplicadas a la arquitectura. Éstas fueron promovidas por el Proyecto de Innovación Educativa PIE 17-140 “Estrategias para la integración del BIM en el Grado de Arquitectura” y por la dirección del Título Propio de la UMA de “I Experto Universitario en BIM con Autodesk Revit Architecture”. Sus ponentes fueron Patricia Miranda Miranda, Ingeniera de FARO Spain, y María Jesús García Granja, PDI de la UMA, investigadora del PIE 17-140 y codirectora del TP, que también actuó como coordinadora de la jornada.&#xd;
&#xd;
Enlace al vídeo del taller: https://www.youtube.com/watch?v=6EHBGtI8y4E&#xd;
&#xd;
Enlace a la difusión del taller: https://www.arquitectura.uma.es/taller-practico-de-soluciones-de-escaneado-laser-para-modelado-bim/</subfield>
   </datafield>
   <datafield ind1="8" ind2=" " tag="024">
      <subfield code="a">https://hdl.handle.net/10630/24156</subfield>
   </datafield>
   <datafield tag="653" ind2=" " ind1=" ">
      <subfield code="a">Escaneado</subfield>
   </datafield>
   <datafield tag="653" ind2=" " ind1=" ">
      <subfield code="a">Building Information Modeling</subfield>
   </datafield>
   <datafield tag="653" ind2=" " ind1=" ">
      <subfield code="a">Universidad de Málaga Escuela Técnica Superior de Arquitectura</subfield>
   </datafield>
   <datafield tag="653" ind2=" " ind1=" ">
      <subfield code="a">Sistemas de barrido</subfield>
   </datafield>
   <datafield tag="653" ind2=" " ind1=" ">
      <subfield code="a">Tecnologia educativa</subfield>
   </datafield>
   <datafield tag="653" ind2=" " ind1=" ">
      <subfield code="a">Enseñanza superior-Innovaciones tecnológicas</subfield>
   </datafield>
   <datafield tag="653" ind2=" " ind1=" ">
      <subfield code="a">Diseño arquitectónico</subfield>
   </datafield>
   <datafield ind2="0" ind1="0" tag="245">
      <subfield code="a">Taller práctico de soluciones de escaneado láser para modelado BIM</subfield>
   </datafield>
</record>
</metadata></record></GetRecord></OAI-PMH>